| 000 | 01260cam a2200361 a 4500 | ||
|---|---|---|---|
| 003 | BJBSDDR | ||
| 005 | 20240925110752.0 | ||
| 007 | ta | ||
| 008 | 190514s2010 sp a b 001 0 spa | ||
| 020 | _a9788483195550 | ||
| 020 | _a8483195550 | ||
| 040 |
_aDLC _cDLC _bspa |
||
| 041 | _aspa | ||
| 050 | 1 | 4 |
_aP 95.8 _bT129c 2010 |
| 100 | 1 |
_aTaibo Arias, Carlos, _d1956- _92943 |
|
| 245 | 1 | 0 |
_aContra los tertulianos / _cCarlos Taibo. |
| 260 |
_aMadrid ; _bLa Catarata, _c2010. |
||
| 300 |
_a110 páginas ; _c21 cm. |
||
| 490 | 1 |
_aLibros de la catarata, _v348 |
|
| 504 | _aIncluye bibliografías. | ||
| 650 | 4 |
_aDebate político _938583 |
|
| 650 | 4 |
_aOpinión pública y política _938584 |
|
| 650 | 4 |
_aTertulias _xPolítica _938585 |
|
| 650 | 4 |
_aMedios de comunicación de masas _91578 |
|
| 650 | 4 |
_aMedios de comunicación social _xAspectos políticos _91364 |
|
| 650 | 4 |
_aTelevisión y política _913840 |
|
| 830 | 0 |
_aLos Libros de la catarata ; _98426 _v348 |
|
| 906 |
_a7 _bcbc _corignew _d1 _eocip _f19 _gy-gencatlg |
||
| 942 |
_2lcc _cBK |
||
| 946 | _iLMF | ||
| 999 |
_c112538 _d112538 |
||